Quiz sur le XVIe siècle - Statistiques

Statistiques générales
  • Ce quiz a été pris 54 fois
  • Le résultat moyen est 25 sur 100
Statistiques - réponses
Année Description Événement % Correct
1500 Découverte de ce pays par les Portugais Brésil
88%
1501 Ce célèbre sculpteur commence la statue de David Michel-Ange
80%
1520 Découverte de ce détroit par ce navigateur éponyme Magellan
71%
1517 Ce moine publie ses 95 thèses à Wittenberg, déclenchant la Réforme protestante Martin Luther
67%
1513 Création de la première route passant par cet isthme, futur canal Panama
63%
1561 Cette ville devient la capitale de l'Empire espagnol Madrid
61%
1515 Célèbre bataille italienne entre le roi de France François Iᵉʳ et ses alliés vénitiens aux mercenaires suisses qui défendaient le duché de Milan Marignan
61%
1521 Chute de Tenochtitlán et fin de cet empire Aztèque
57%
1598 Ce texte de tolérance reconnait les droits (notamment de culte) des protestants Édit de Nantes
53%
1534 Création de l'Église anglicane par ce roi anglais, à qui le pape a refusé le divorce Henri VIII
53%
1502 Cet explorateur entame son deuxième périple vers l'Inde Vasco de Gama
53%
1518 Cet empereur autorise la traite négrière et l'esclavage Charles Quint
51%
1594 Début de la dynastie des Bourbons par le couronnement de ce roi Henri IV
51%
1527 Sac de cette ville par les armées de Charles Quint lors de la septième guerre d'Italie Rome
51%
1541 Découverte de ce fleuve, le plus important en débit Amazone
49%
1564 Naissance de ce célèbre dramaturge anglais William Shakespeare
47%
1512 Naissance de cet explorateur italien qui donnera son nom à un continent Amerigo Vespucci
45%
1505 Fondation officielle de l'université de cette ville espagnole Séville
45%
1543 Cet astronome polonais publie Des révolutions des sphères célestes, dans laquelle il défend la théorie de l'héliocentrisme Nicolas Copernic
43%
1529 Le premier siège de cette ville marque le premier échec de l’expansion de l’Empire ottoman en Europe Vienne
43%
1553 Décès de cet écrivain français humaniste de la Renaissance, célèbre pour Gargantua ou Pantagruel François Rabelais
41%
1572 Cet affrontement entre catholiques et protestants fit entre 15 000 et 30 000 victimes Massacre de la Saint-Barthélémy
41%
1510 Décès de ce peintre italien, célèbre pour sa naissance de Vénus Sandro Boticelli
39%
1563 Clôture de ce concile, organisant la Contre-Réforme et s'étendant sur 18 ans Concile de Trente
37%
1516 Naissance de cette future reine d'Angleterre Marie Tudor
37%
1558 Mort de cette reine d’Angleterre, devenue très impopulaire après la perte de Calais, elle laisse le trône à sa demi-sœur, Élisabeth Marie Tudor
37%
1556 Abdication de Charles Quint qui nomma cet homme, qui devint roi d'Espagne et règne sur les Pays-Bas et l'Italie Philippe II
37%
1511 Début de la conquête de ce pays d'Amérique centrale par Diego Velázquez de Cuéllar Cuba
35%
1559 Avènement de ce jeune roi à la tête du royaume français François II
35%
1540 Création de cet ordre, aussi appelé la Compagnie de Jésus, reconnu par le pape Paul III lors de la bulle Regimini militantis ecclesiae Jésuite
35%
1522 Naissance de ce poète français, membre fondateur de la Pléiade Joachim du Bellay
35%
1587 Exécution de cette reine d'Écosse pour ce complot contre Élisabeth Iʳᵉ d'Angleterre Marie Stuart
35%
1546 Révolte au Yucatán, Les Espagnols soumettent définitivement ce peuple Maya
33%
1519 Élection impériale du précédent à la tête de cet empire Saint-Empire romain germanique
33%
1539 Cette ordonnance proclamée par François Iᵉʳ officialise le français comme langue officielle du royaume Villers-Cotterêts
33%
1507 Naissance de la mère d'Elizabeth 1ʳᵉ Anne Boleyn
31%
1525 Cette bataille voit l'écrasante victoire de Charles Quint contre François Iᵉʳ, qui est fait prisonnier Pavie
31%
1575 Sacre d'Henri III, marquant la fin de cette dynastie Valois
31%
1509 Naissance de ce père de la chirurgie moderne Ambroise Paré
29%
1550 Début de cette controverse sur les droits des Amérindiens entre Bartolomé de Las Casas et Sepúlveda Controverse de Valladolid
29%
1562 Le massacre de Huguenots à Wassy sous les ordres de cet homme déclenche les guerres de Religion en France Duc de Guise
29%
1535 Découverte de ces îles, qui constitueront plus tard une part importante des travaux de Charles Darwin Galápagos
29%
1588 Défaite de cette célèbre armée espagnole face à l’Angleterre Invincible Armada
29%
1538 Fondation de Santa Fe de ?, maintenant capitale colombienne Bogotá
27%
1585 Naissance de cet ecclésiastique et homme d'État français Cardinal de Richelieu
27%
1547 Ce souverain devient le premier tsar de Russie Ivan le Terrible
27%
1589 Henri III fut assassiné par ce frère lai dominicain Jacques Clément
27%
1533 Naissance de ce moraliste et philosophe français Michel de Montaigne
27%
1514 Christian II est couronné roi de ce royaume Danemark
24%
1523 Fondation de ce royaume, mettant fin à l'union de Kalmar Suède
24%
1545 Épidémie de cette maladie au Mexique, tuant 800 000 Indiens Variole
24%
1596 Naissance de ce philosophe, physicien et mathématicien français dans une ville qui porte maintenant son nom René Descartes
22%
1573 Fin du siège de cette ville entre protestants et catholiques La Rochelle
20%
1557 Première installation portugaise sur cette péninsule, autorisée par la dynastie Ming Macao
20%
1506 La première pierre de cet édifice religieux est posée Basilique Saint-Pierre
18%
1504 Sikandar Lodi fonde de cette ville, connue pour abriter le Taj Mahal Âgrâ
16%
1592 Conquête japonaise de ce territoire sous Toyotomi Hideyoshi Corée
16%
1593 Expression qui aurait été prononcée par le roi suivant, justifiant sa conversion au catholicisme Paris vaut bien une messe
16%
1581 Indépendance de ce territoire, qui se sépare de l'Espagne Pays-Bas
16%
1577 Cet explorateur commence son tour du monde Francis Drake
14%
1531 Création de cette ligue, une alliance de princes et de villes protestantes du Saint-Empire romain germanique pour défendre la Réforme face aux pressions catholiques Ligue de Smalkalde
14%
1555 Cet accord reconnaît les mêmes droits aux protestants et aux catholiques en Allemagne Paix d'Augsbourg
14%
1554 Fondation de cette ville, alors Piratininga, au sud de Salvador de Bahia São Paulo
14%
1560 Tentative d'enlèvement de ce roi, organisée par un groupe de gentilshommes protestants, dans le but de soustraire le roi à l'influence des Guise, famille hostile au protestantisme Conjuration d'Amboise
12%
1544 Une expédition portugaise en route pour le Japon dirigée par Fernão Mendes Pinto recense pour la première fois l'existence de cette île asiatique Formosa
12%
1568 Début de cette guerre, amorçant l'indépendance des Provinces-Unies Guerre de quatre-vingts ans
12%
1584 Assassinat du premier dirigeant néerlandais Guillaume Iᵉʳ d'Orange-Nassau
12%
1570 Naissance de cet officier catholique anglais, connu comme membre de la conspiration des Poudres Guy Fawkes
12%
1503 Élection de ce pape, qui régna jusqu'à sa mort en 1513 et qui fut l'un des papes les plus puissants de la Renaissance Jules II
12%
1576 Le sac de cette ville par les troupes espagnoles mutinées, causant la mort de milliers d'habitants Anvers
10%
1599 Fondation de cette célèbre compagnie britannique Compagnie des Indes Orientales
10%
1542 Création du Saint-Office par le pape Paul III, plus connu sous le nom de : Inquisition
10%
1532 Francisco Pizarro capture cet empereur inca à Cajamarca, marquant le début de la conquête espagnole de l'Empire inca Atahualpa
8%
1551 Création de la première université du Nouveau Monde dans cette ville Lima
8%
1566 Début de cette révolte contre la domination espagnole dans les Pays-Bas espagnols Révolte des Gueux
8%
1579 Francis Drake termine sa circumnavigation le long de la côte ouest des Amériques et revendique ce territoire pour l'Angleterre, qu'il nomme Nova Albion Californie
6%
1530 Création de la Confession d’Augsbourg, texte fondateur de ce mouvement Luthéranisme
6%
1569 Naissance de cette République, aussi connue sous le nom de Commonwealth polono-lituanien République des Deux-Nations
6%
1578 Cette bataille, ayant vu la mort au combat du roi portugais Sébastien Iᵉʳ, mis fin à son projet d'invasion du Maroc Bataille des Trois Rois
4%
1567 Envoi du duc d'Albe aux Pays-Bas avec une armée pour réprimer les révoltes protestantes, il instaure ce conseil surnommé "Conseil de sang", qui exécute de nombreux opposants et intensifie les tensions Conseil des troubles
4%
1552 Prise de cette ville par la Russie, clé dans son expansion Kazan
4%
1595 Publication posthume de l'atlas de ce cartographe, une œuvre révolutionnaire regroupant ses cartes Mercator
4%
1526 Cette bataille entraîne la défaite du royaume de Hongrie face à l'Empire ottoman, provoquant la chute du roi Louis II Mohács
4%
1597 Vingt-six chrétiens sont crucifiés dans cette ville à la suite d'un deuxième édit proscrivant le christianisme au Japon Nagasaki
4%
1528 Couronnement de ce 1ᵉʳ roi suédois Gustav Vasa
2%
1591 Début du pontificat de ce pape, qui ne dura que 63 jours Innocent IX
2%
1536 Ce manuel écrit par Jean Calvin est devenu la somme de la théologie réformée de la réforme Institution de la religion chrétienne
2%
1548 Cette tentative de Charles Quint pour unifier les pratiques religieuses dans le Saint-Empire romain germanique, provoquant des tensions entre catholiques et protestants Intérim d'Augsbourg
2%
1549 En Angleterre, les paysans se révoltent lors de ce soulèvement contre la privatisation des terres agricoles Kett
2%
1508 Formation d'une alliance entre la France, le Saint-Empire romain germanique, la Papauté et l'Espagne contre la République de Venise Ligue de Cambrai
2%
1571 Traité entre la Chine de cette dynastie et le khan mongol Altan, qui s'engage à respecter les frontières de la Chine Ming
2%
1524 Début de cette révolte majeure des paysans allemands et des classes populaires contre les abus des seigneurs féodaux et les inégalités sociales Révolte des rustauds
2%
1565 Ville qui fut la première colonie européenne durable aux États-Unis Saint Augustine
2%
1537 Bulle pontificale, reconnaissant par le pape Paul III que les Amérindiens ont une âme Sublimis Deus
2%
1580 Annexion du Portugal par Philippe II d’Espagne et création de cette nouvelle puissance, qui finira par s'effondrer en 1640 Union Ibérique
2%
1586 Complot ayant pour but l'assassinat Élisabeth Iʳᵉ, reine d’Angleterre Babington
0%
1582 Réforme du calendrier grégorien lors de cette bulle papale par Grégoire XIII Inter gravissimas
0%
1574 La levée de ce siège marque une victoire symbolique pour les Provinces-Unies dans leur lutte pour l'indépendance contre l'Espagne Leyde
0%
1590 Disparition de cette colonie anglaise, en Virginie, connue comme la "colonie perdue", un mystère historique qui reste irrésolu Roanoke
0%
1583 Sir Humphrey Gilbert fonde une colonie anglaise sur ce territoire d'Amérique du Nord Terre-Neuve
0%
Aucun quiz correspondant
Distribution des résultats
% des personnes avec chaque résultat
Percentile par nombre de réponses
Votre historique - résultats
Vous n’avez pas pris ce quiz